Digital Logic and Computer Design (Record no. 1151)
[ view plain ]
| 000 -LEADER | |
|---|---|
| fixed length control field | 00373nam a22001577a 4500 |
| 003 - CONTROL NUMBER IDENTIFIER | |
| control field | OSt |
| 005 - DATE AND TIME OF LATEST TRANSACTION | |
| control field | 20240605124026.0 |
| 008 - FIXED-LENGTH DATA ELEMENTS--GENERAL INFORMATION | |
| fixed length control field | 210427b ||||| |||| 00| 0 eng d |
| 020 ## - INTERNATIONAL STANDARD BOOK NUMBER | |
| International Standard Book Number | 9789332542525 |
| 040 ## - CATALOGING SOURCE | |
| Transcribing agency | Pearson |
| 082 ## - DEWEY DECIMAL CLASSIFICATION NUMBER | |
| Classification number | 621.395 |
| 245 ## - TITLE STATEMENT | |
| Title | Digital Logic and Computer Design |
| Statement of responsibility, etc. | by Mano M., Morris |
| 260 ## - PUBLICATION, DISTRIBUTION, ETC. | |
| Name of publisher, distributor, etc. | Pearson |
| 300 ## - PHYSICAL DESCRIPTION | |
| Extent | 545 p. |
| 942 ## - ADDED ENTRY ELEMENTS (KOHA) | |
| Source of classification or shelving scheme | Dewey Decimal Classification |
| Koha item type | BK |
| Withdrawn status | Lost status | Source of classification or shelving scheme | Damaged status | Not for loan | Collection code | Home library | Current library | Shelving location | Date acquired | Inventory number | Total Checkouts | Full call number | Barcode | Date last seen | Price effective from | Koha item type | Cost, replacement price |
|---|---|---|---|---|---|---|---|---|---|---|---|---|---|---|---|---|---|
| Dewey Decimal Classification | Department of Information Technology - Hetauda School of Management and Social Sciences | Department of Information Technology - Hetauda School of Management and Social Sciences | 12/28/2022 | 15940 | 621.395 Man 2022 | 15940 | 12/28/2022 | 12/28/2022 | BK | 1043.00 | |||||||
| Dewey Decimal Classification | Reference | Hetauda School of Management and Social Sciences | Hetauda School of Management and Social Sciences | Reference | 04/27/2021 | 14389 | Ref 621.395 Man 2020 | 14389 | 04/27/2021 | 04/27/2021 | BK | ||||||
| Dewey Decimal Classification | Reference | Hetauda School of Management and Social Sciences | Hetauda School of Management and Social Sciences | Reference | 04/27/2021 | 14390 | Ref 621.395 Man 2020 | 14390 | 04/27/2021 | 04/27/2021 | BK |